rrimflow stimulation on clones pr 107, GT1 and PB2017 at sopheak nika invesment group Co.,LTd រញេចកម្មRRIMFLOW ទៅលើក្លូន PR 107 , GT1 និងPB2017 នៅក្រុមហ៊ុន សុភក្តិនីការ អុិនវេសមេន គ្រុប ខូ.,អិលធីឌី (Record no. 19148)

000 -LEADER
fixed length control field 00720nam a22001337a 4500
040 ## - CATALOGING SOURCE
Transcribing agency RUA
082 ## - DEWEY DECIMAL CLASSIFICATION NUMBER
Classification number RUB YOR 2017 B662 Or.1
100 ## - MAIN ENTRY--AUTHOR NAME
Personal name YORN SOKVANN យ៉ន សុខវ៉ាន់
245 ## - TITLE STATEMENT
Title rrimflow stimulation on clones pr 107, GT1 and PB2017 at sopheak nika invesment group Co.,LTd រញេចកម្មRRIMFLOW ទៅលើក្លូន PR 107 , GT1 និងPB2017 នៅក្រុមហ៊ុន សុភក្តិនីការ អុិនវេសមេន គ្រុប ខូ.,អិលធីឌី
260 ## - PUBLICATION, DISTRIBUTION, ETC. (IMPRINT)
Place of publication RUA
Name of publisher phnome penh
Year of publication 2017
300 ## - PHYSICAL DESCRIPTION
Number of Pages xii;69p
Other physical details ill;
Dimensions 29cm
856 ## - ELECTRONIC LOCATION AND ACCESS
Uniform Resource Identifier https://drive.google.com/file/d/1j9TRB2ju6giY82zrClhwZzpbhyxzPMVE/view?usp=sharing
942 ## - ADDED ENTRY ELEMENTS (KOHA)
Koha item type RUB
952 ## - LOCATION AND ITEM INFORMATION (KOHA)
Withdrawn status [LOCAL, KOHA] 0
952 ## - LOCATION AND ITEM INFORMATION (KOHA)
Withdrawn status [LOCAL, KOHA] 0
952 ## - LOCATION AND ITEM INFORMATION (KOHA)
Withdrawn status [LOCAL, KOHA] 0
952 ## - LOCATION AND ITEM INFORMATION (KOHA)
Withdrawn status [LOCAL, KOHA] 0
952 ## - LOCATION AND ITEM INFORMATION (KOHA)
Withdrawn status [LOCAL, KOHA] 0
952 ## - LOCATION AND ITEM INFORMATION (KOHA)
Withdrawn status [LOCAL, KOHA] 0
Holdings
Permanent Location Date acquired Koha item type Lost status Shelving location Barcode Current Location Full call number
Library Block B2020-04-27RUB B662A44345Library Block BRUB YOR 2017 B662 Or.1
Library Block B2020-04-27RUB B662A44220Library Block BRUB YOR 2017 B662 Or.2
Library Block B2020-04-27RUB B662A42276Library Block BRUB YOR 2017 B662 Or.3
Library Block B2020-04-27RUB B662A42500Library Block BRUB YOR 2017 B662 Or.4
Library Block B2020-04-27RUB B662A42515Library Block BRUB YOR 2017 B662 Or.5
Library Block B2020-04-27RUB B662A42351Library Block BRUB YOR 2017 B662 Or.6
មជ្ឈមណ្ឌលឯការនៃសាកលវិទ្យាល័យភូមិន្ទកសិកម្មចំការដូង

Powered by Koha